| 000 | 00848nam a22002897a 4500 | ||
|---|---|---|---|
| 001 | 00260 | ||
| 003 | DO-SdBNP | ||
| 005 | 20180221102631.0 | ||
| 007 | 00260 | ||
| 008 | 151119b 1987 sp xxu||||| |||| 00| 0 spa d | ||
| 020 | _a8431020431 | ||
| 040 |
_aBPMSU _bspa _cBPMSU |
||
| 100 | 1 | _aBlyton, Enid | |
| 240 | 1 | 0 |
_aTales of Betsy-May. _lEspañol |
| 245 | 1 | 0 |
_aCuentos de Betsy-May, _cEnid Blyton ; traducción Enrique Sánchez ; ilustraciones María Pascual. |
| 250 | _a6a ed. | ||
| 260 |
_aBarcelona : _bToray, _c1987. |
||
| 300 |
_a174 p . : _bil. ; _c21 cm. |
||
| 490 | 1 |
_aBiblioteca Enid Blyton _v7 |
|
| 700 | 1 | 2 |
_aSánchez, Enrique, _ctr. |
| 700 | 1 | 2 |
_aPascual, María, _cil. |
| 830 | 0 |
_aBiblioteca Enid Blyton ; _n7 |
|
| 910 | _a00260 | ||
| 942 |
_2ddc _cBK |
||
| 945 | _aInventariado, 2018/MFF | ||
| 956 |
_aLorenza Pérez _b10 |
||
| 999 |
_c8806 _d8806 |
||